000 00311nam a22001337a 4500
008 180920b xxu||||| |||| 00| 0 eng d
020 _a0721623670
041 _aeng
080 _23 ED
_a610
100 _a610
101 _aANE
245 _aAnesthesia And Uncommon Diseases
_cKadis.K.B
942 _2udc
_cBK
999 _c48106
_d48106